German words A1.1 (Lektion 3) - Statistics

General Stats
  • This quiz has been taken 35 times
  • The average score is 21 of 34
Answer Stats
In German In English % Correct
Familie die, -n Family
100%
Tochter die, Daughter
92%
Vater der, Father
92%
Großvater Grandfather
92%
Mutter die Mother
92%
Sohn der, -e Son
92%
Großmutter Grandmother
88%
Bruder der Brother
79%
Deutsch German
79%
Freund der, -e Friend
75%
Eltern (pl.) Parents
75%
Bitte Please
75%
Schwester die, -n Sister
75%
Ja Yes
75%
Großeltern (pl.) Grandparents
71%
Wie viele? How much? How many?
67%
Partner der Partner
67%
(Ehe) Frau die, -en Wife
67%
Oma die, -s Grandma
63%
Opa der, -s Grandpa
63%
(Ehe) Mann der, er Husband
63%
Sprache die, -n Language
58%
Mein My
58%
Dein Your
58%
Welche? Which?
46%
Genau Exactly, precisely, indeed
42%
Bild das, -er Picture, image, photo
42%
Geschwister (pl.) Siblings
42%
Sprechen (To) speak
42%
Kollege der, -n Colleague
38%
Ein bisschen A little bit
33%
Doch But
17%
Enkelin die, -nen Granddaughter
13%
Enkel der Grandson
13%
No matching quizzes found
Score Distribution
Percent of People with Each Score
Percentile by Number Answered
Your Score History
You have not taken this quiz